000 00802nab a2200217 4500
001 31807
003 AR-RoBPED
005 20251028183933.0
008 250805s18981968ag |||p| ||||s00| 0 spa d
040 _aAR-RoBPED
041 _aspa
100 1 _aBeney, Manuel
_929177
245 1 3 _aLa educación debe ser social /
_cManuel Beney.
300 _apág 346-348
362 _,Año XIII, No. 157 (jun. 1901)
500 _aArtículo en: Boletín de Educación. Santa Fe : Consejo General de Educación, 1886-198?. Año 13, N° 157 (jun. 1901), páginas 346-348.
650 4 _aEDUCACION SOCIAL
_927338
773 0 _022998
_930340
_aSanta Fe.
_dSanta Fe : Consejo General de Educación, [1886-198-?].
_tBoletín de Educación :
_w(AR-RoBPED)22998
942 _2udc
_aK. 31807
_cREV
945 _ann 05/08/2025
999 _c31807
_d31807